[Event "Ch Sweden"]
[Site "masterchessopen.com - Sweden"]
[Round "0"]
[White "Niklasson Christer (SWE)"]
[Black "Wahlbom Magnus (SWE)"]
[Result "1-0"]
[WhiteElo "2350"]
[BlackElo "2288"]

1.d4 Nf6 2.c4 c5 3.d5 e6 4.Nc3 exd5 5.cxd5 d6 6.Nf3 g6 7.Nd2 Bg7 8.e4 O-O
9.Be2 Re8 10.O-O Na6 11.f3 Nc7 12.a4 b6 13.Nc4 Ba6 14.Bg5 Qd7 15.Qd2 Bxc4
16.Bxc4 a6 17.Qd3 h6 18.Bd2 Kh7 19.Kh1 Qe7 20.Rae1 Nd7 21.f4 b5 22.axb5 Nb6
23.bxa6 Nxc4 24.Qxc4 Reb8 25.e5 Rb4 26.exd6 Qxe1 27.Rxe1 Rxc4 28.dxc7 Rd4
29.Be3 Rd3 30.Nb5 Rxd5 31.Na7 Rd6 32.c8=Q Rxc8 33.Nxc8 Rxa6 34.Ne7 Re6 35.Bf2
{#r} 1-0

[Event "Izt"]
[Site "masterchessopen.com - Szirak (Hungary)"]
[Round "0"]
[White "Beliavsky Alexander G (SLO)"]
[Black "Portisch Lajos (HUN)"]
[Result "0-1"]
[WhiteElo "2630"]
[BlackElo "2615"]

1.d4 Nf6 2.c4 e6 3.Nf3 c5 4.d5 exd5 5.cxd5 d6 6.Nc3 g6 7.e4 Bg7 8.Be2 O-O
9.O-O Na6 10.Nd2 Re8 11.f3 Nc7 12.a4 b6 13.Nc4 Ba6 14.Bg5 Qd7 15.Rb1 Bxc4
16.Bxc4 a6 17.b4 b5 18.Bd3 c4 19.Bc2 bxa4 20.Bxa4 Nb5 21.Kh1 Qb7 22.Bxb5 axb5
23.Be3 Ng4 24.Bd4 Ne3 25.Bxe3 Bxc3 26.Bd4 Bxd4 27.Qxd4 Qa7 28.Qc3 Qe7 29.Ra1
Rxa1 30.Qxa1 Rc8 31.Rc1 Qc7 32.Qc3 Ra8 33.f4 Qa7 34.Qd2 Qa2 35.Qd1 Qb2 36.Rb1
c3 37.h3 Ra2 38.Qf1 c2 39.Rc1 Qxb4 40.e5 Rb2 41.Qf2 Qe4 42.Kh2 {#R} 0-1

[Event "Ch Armed Forces"]
[Site "masterchessopen.com - Tallinn (Estonia)"]
[Round "0"]
[White "Rytov Boris (RUS)"]
[Black "Zhuravliov Valerij (LAT)"]
[Result "1-0"]
[WhiteElo "2400"]
[BlackElo "2391"]

1.d4 Nf6 2.Nf3 c5 3.d5 e6 4.c4 exd5 5.cxd5 d6 6.Nc3 g6 7.e4 Bg7 8.Be2 O-O
9.O-O Re8 10.Nd2 Na6 11.f3 Nc7 12.a4 b6 13.Bb5 Nxb5 14.axb5 Nd7 15.Nc4 Ne5
16.Ne3 Qh4 17.g3 Qh3 18.Ng2 Qd7 19.Ne3 f5 20.f4 Ng4 21.Nxg4 fxg4 22.Qd3 Re7
23.Bd2 Qe8 24.f5 Bd4+ 25.Kh1 gxf5 26.exf5 Qf7 27.Rf4 h5 28.h3 gxh3 29.g4 Bb7
30.g5 Bxd5+ 31.Kh2 Bc4 32.Qf3 Rae8 33.g6 Qf6 34.Ne4 Rxe4 35.Rxe4 Be5+ 36.Kxh3
Bd5 37.Qxh5 Re7 38.Rea4 Bxb2 39.Re1 Rxe1 40.Bxe1 Qe7 41.Qh7+ Qxh7+ 42.gxh7+
Kxh7 43.Rxa7+ Kg8 44.Bg3 Bc4 45.Rb7 Bxb5 46.Rxb6 Bf1+ 47.Kg4 Bd4 48.Kg5 Bc4
49.Rb8+ Kg7 50.Rb7+ Bf7 51.Bxd6 Be3+ 52.Bf4 Bd4 53.Rb5 Bc4 54.Rb7+ Bf7 55.Ra7
Bf6+ 56.Kg4 Kg8 57.Ra5 Bb3 58.Kh5 Bd4 59.Kg6 Bf7+ 60.Kg5 Kg7 61.Bd6 Be3+
62.Kg4 c4 63.Bf4 Bb6 64.Be5+ Kf8 65.Rb5 Bf2 66.Kg5 Be1 67.Rb7 Ba5 68.Rb8+ Ke7
69.Kh6 c3 70.Rb7+ Ke8 71.Kg7 c2 72.Bf4 Bd5 73.f6 {#r} 1-0

[Event "It"]
[Site "masterchessopen.com - Tbilisi (Georgia)"]
[Round "0"]
[White "Pietzsch Wolfgang W (GDR)"]
[Black "Buslaev Aleksander (GEO)"]
[Result "1-0"]
[WhiteElo "2420"]
[BlackElo "2200"]

1.d4 Nf6 2.c4 c5 3.d5 d6 4.Nc3 g6 5.e4 Bg7 6.Nf3 O-O 7.Be2 e6 8.O-O exd5
9.cxd5 Re8 10.Nd2 Na6 11.f3 Nc7 12.a4 b6 13.a5 bxa5 14.Nc4 Ba6 15.Nxa5 Bxe2
16.Nxe2 Nb5 17.Qd3 a6 18.Nc3 Nd4 19.Bg5 h6 20.Bh4 Qc7 21.Nc4 Nh5 22.Bg3 Nxg3
23.hxg3 Reb8 24.f4 Rb4 25.e5 dxe5 26.fxe5 Bxe5 27.d6 Bxd6 28.Nd5 Qc6 29.Nxb4
cxb4 30.Nxd6 Qxd6 31.Rad1 Rd8 32.Qc4 Qd5 33.Qxd5 Rxd5 34.g4 Kf8 35.Rfe1 Rd6
36.Kh1 Nb5 37.Rxd6 Nxd6 38.b3 a5 39.Re5 a4 40.bxa4 b3 41.a5 {#r} 1-0

[Event "Tournament (qual) (w)"]
[Site "masterchessopen.com - Tbilisi (Georgia)"]
[Date "2001.09.27"]
[Round "7"]
[White "Lomineishvili Maia (GEO)"]
[Black "Tereladze Sopiko (GEO)"]
[Result "1-0"]
[WhiteElo "2373"]
[BlackElo "2250"]

1.d4 Nf6 2.c4 c5 3.d5 e6 4.Nc3 exd5 5.cxd5 d6 6.Nf3 g6 7.Nd2 Bg7 8.e4 O-O
9.Be2 Re8 10.O-O Na6 11.f3 Nc7 12.a4 Qe7 13.Nc4 Rd8 14.Kh1 Nh5 15.f4 Bxc3
16.bxc3 Qxe4 17.Ne3 Nf6 18.Bd3 Qe7 19.c4 Nd7 20.Ng4 f5 21.Nf2 Nf6 22.Bb2 Bd7
23.Qc2 Qf7 24.Qc3 Rf8 25.Rfe1 Rae8 26.g4 Rxe1+ 27.Rxe1 fxg4 28.Ne4 Nce8 29.Ng5
Qg7 30.Re3 Nc7 31.Qe1 Re8 32.Ne4 Rxe4 33.Rxe4 Nce8 34.Rxe8+ Bxe8 35.Qe6+ Qf7
36.Bxf6 Qxe6 37.dxe6 Bxa4 38.Be7 Bc6+ 39.Kg1 Kg7 40.Bxd6 Kf6 41.Bxc5 b6 42.Bd6
Kxe6 43.Bb8 a6 44.Kf2 b5 45.Ke3 Be8 46.Kd4 h5 47.c5 Kd7 48.Be5 h4 49.Bf6 h3
50.Bh4 Kc8 51.Be1 Kc7 52.Be4 b4 53.Bxb4 Bc6 54.Be1 Bxe4 55.Kxe4 Kc6 56.Kd4 a5
57.Kc4 a4 58.Bf2 a3 59.Kb3 g3 60.Bxg3 Kxc5 61.Kxa3 {#r} 1-0

[Event "Olympiad"]
[Site "masterchessopen.com - Tel Aviv (Israel)"]
[Round "1"]
[White "Garces Napoleon (ECU)"]
[Black "Schweber Samuel (ARG)"]
[Result "0-1"]
[WhiteElo "2235"]
[BlackElo "2348"]

1.d4 Nf6 2.c4 c5 3.d5 e6 4.Nc3 exd5 5.cxd5 d6 6.Nf3 g6 7.e4 Bg7 8.Be2 O-O
9.O-O Re8 10.Nd2 Na6 11.f3 Rb8 12.Re1 Nc7 13.a4 a6 14.a5 Bd7 15.Nc4 Bb5 16.Bg5
h6 17.Bh4 Bxc4 18.Bxc4 b5 19.axb6 Rxb6 20.Ra2 Qb8 21.Na4 Rb4 22.b3 Nd7 23.f4
Nb5 24.Bf2 Nd4 25.Bxd4 Bxd4+ 26.Kh1 a5 27.Qf3 Qd8 28.Nb2 Bxb2 29.Rxb2 a4
30.Rc2 Nb6 31.Rec1 axb3 32.Bxb3 Rbxe4 33.Rf2 Qf6 34.h3 Qh4 35.Rcf1 Re3 36.Qd1
Qg3 37.Bc2 Qxf2 38.Rxf2 Re1+ 39.Rf1 Rxd1 40.Rxd1 Re2 41.Bb1 Rf2 42.f5 g5
43.Be4 Re2 44.Rb1 Nd7 45.Bf3 Rd2 46.g3 Ne5 47.Bg2 Kg7 48.g4 c4 49.f6+ Kxf6
50.Rf1+ Kg7 51.Rc1 h5 52.gxh5 Kh6 53.Bf1 Kxh5 54.Rc3 g4 55.hxg4+ Kxg4 56.Bg2
f5 57.Bh3+ Kf4 58.Bg2 Rd1+ 59.Kh2 Ng4+ {#R} 0-1

[Event "Olympiad"]
[Site "masterchessopen.com - Tel Aviv (Israel)"]
[Round "12"]
[White "Vranesic Zvonko (CAN)"]
[Black "Tringov Georgi P (BUL)"]
[Result "0-1"]
[WhiteElo "2320"]
[BlackElo "2379"]

1.d4 Nf6 2.c4 c5 3.d5 d6 4.Nc3 g6 5.e4 Bg7 6.Nf3 O-O 7.Be2 e6 8.O-O exd5
9.cxd5 Re8 10.Nd2 Na6 11.f3 Nc7 12.a4 b6 13.Nc4 Ba6 14.Bg5 Qd7 15.Qd2 Bxc4
16.Bxc4 a6 17.Qd3 h6 18.Bd2 g5 19.g4 Qe7 20.Rae1 Nd7 21.Nd1 Ne5 22.Qe2 b5
23.axb5 axb5 24.Bb3 c4 25.Bc2 Ng6 26.Qe3 Qd7 27.Qf2 Na6 28.Bc3 Bxc3 29.bxc3
Nf4 30.Kh1 Nc5 31.Qd4 Qe7 32.Ne3 Qe5 33.Nf5 Ra2 34.Bb1 Rb2 35.Nxh6+ Kf8 36.Nf5
Nb3 37.Qxe5 dxe5 38.Ne3 Nd2 39.Rd1 Nxf1 40.Rxf1 Ne2 41.Bc2 Nxc3 42.h4 {#R} 0-1

[Event "Ch Canada"]
[Site "masterchessopen.com - Toronto (Canada)"]
[Round "11"]
[White "Kirton Neil (CAN)"]
[Black "Vranesic Zvonko (CAN)"]
[Result "1-0"]
[WhiteElo "2250"]
[BlackElo "2320"]

1.d4 Nf6 2.c4 c5 3.d5 d6 4.Nc3 g6 5.e4 Bg7 6.Be2 O-O 7.Nf3 e6 8.O-O exd5
9.cxd5 Re8 10.Nd2 Na6 11.f3 Nc7 12.a4 Nd7 13.Kh1 f5 14.exf5 gxf5 15.f4 Nf6
16.Nc4 b6 17.Ne3 Rf8 18.Qc2 Nfe8 19.Bd2 Qf6 20.Rae1 a6 21.Qb3 Rb8 22.Nc4 b5
23.Na5 b4 24.Nd1 Bd7 25.Bf3 Qf7 26.Re2 Bf6 27.Nc4 Na8 28.Qd3 Nb6 29.b3 Nxc4
30.Qxc4 Nc7 31.Rfe1 a5 32.Ne3 Bd8 33.Qc2 Ne8 34.Rg1 Kh8 35.Bc1 Bc8 36.g4 fxg4
37.Nxg4 Bxg4 38.Rxg4 Bf6 39.Re6 Ng7 40.Rxf6 Qxf6 41.Bb2 Qe7 42.Bxg7+ Qxg7
43.Rxg7 Kxg7 44.Qg2+ Kh8 45.Qb2+ Kg8 46.Bg4 Kf7 47.Be6+ Kg6 48.Qg2+ {#r} 1-0

[Event "It"]
[Site "masterchessopen.com - Trencianske Teplice (Slovakia)"]
[Round "14"]
[White "Ftacnik Lubomir (SVK)"]
[Black "Rogulj Branko (CRO)"]
[Result "1-0"]
[WhiteElo "2570"]
[BlackElo "2394"]

1.c4 c5 2.Nf3 g6 3.d4 Bg7 4.d5 Nf6 5.Nc3 O-O 6.e4 d6 7.Be2 e6 8.O-O exd5
9.cxd5 Re8 10.Nd2 Na6 11.f3 Nc7 12.a4 b6 13.Nc4 Ba6 14.Bg5 h6 15.Be3 Qd7
16.Qd2 Kh7 17.Rab1 Bxc4 18.Bxc4 a6 19.b4 b5 20.Be2 c4 21.Bd4 bxa4 22.Qb2 a3
23.Qa1 Nh5 24.Bxg7 Nxg7 25.Bxc4 Nb5 26.Rf2 Rec8 27.Bxb5 axb5 28.Rb3 Rc4 29.g3
Qc8 30.Kg2 a2 31.Nxa2 Ra7 32.Rbb2 h5 33.Qb1 Rac7 34.h4 Ne8 35.Rbe2 Kg8 36.Qb2
f6 37.Qd2 Kh7 38.Qf4 Qd8 39.g4 Ng7 40.Qe3 Qc8 41.Qf4 Qd8 42.Kh2 hxg4 43.fxg4
f5 44.gxf5 gxf5 45.h5 Qf6 46.Kg1 Qa1+ 47.Kg2 Re7 48.Rf1 Rexe4 49.Rxa1 Rxf4
50.Rc1 Rxc1 51.Nxc1 Rxb4 52.Re7 Kh6 53.Rd7 Nxh5 54.Rxd6+ Kg5 55.Nd3 Rd4 56.Ne5
Nf4+ 57.Kf3 Nh5 58.Rg6+ Kh4 59.d6 b4 60.d7 b3 61.Rb6 f4 62.Rb8 {#r} 1-0

[Event "Cup Russia (open)"]
[Site "masterchessopen.com - Tula (Russia)"]
[Round "5"]
[White "Abramov Anatoli P (RUS)"]
[Black "Shchegolev Andrey (RUS)"]
[Result "0-1"]
[WhiteElo "2210"]
[BlackElo "2177"]

1.d4 Nf6 2.c4 c5 3.d5 e6 4.Nc3 exd5 5.cxd5 d6 6.e4 g6 7.Nf3 Bg7 8.Be2 O-O
9.O-O Re8 10.Nd2 Na6 11.f3 Nc7 12.a4 b6 13.Kh1 Rb8 14.Nc4 Ba6 15.Bg5 Qd7 16.b3
Ng4 17.Rc1 Ne5 18.Na3 Bxe2 19.Qxe2 f5 20.Qd2 a6 21.exf5 gxf5 22.Nc4 Ng6
23.Rfe1 b5 24.Na5 Rxe1+ 25.Rxe1 Re8 26.Rxe8+ Qxe8 27.axb5 axb5 28.Nc6 Bxc3
29.Qxc3 Nxd5 30.Qa5 Qxc6 31.Qd8+ Kf7 32.h4 h5 33.Bd2 Nde7 34.Bg5 d5 35.Bxe7
Nxe7 36.Qh8 Qg6 37.Qe5 c4 38.b4 Qf6 39.Qf4 d4 40.g3 {#R} 0-1

[Event "It (open)"]
[Site "masterchessopen.com - Uzes (France)"]
[Round "0"]
[White "Rouverol Guy (FRA)"]
[Black "Jurkovic Ante (CRO)"]
[Result "0-1"]
[WhiteElo "2021"]
[BlackElo "2346"]

1.d4 Nf6 2.c4 c5 3.d5 e6 4.Nc3 exd5 5.cxd5 d6 6.e4 g6 7.Be2 Bg7 8.Nf3 O-O
9.O-O Re8 10.Nd2 Na6 11.f3 Nc7 12.a4 b6 13.Nc4 Ba6 14.Bg5 Qd7 15.Re1 Rab8
16.Qd2 Bxc4 17.Bxc4 a6 18.f4 Ng4 19.h3 b5 20.axb5 axb5 21.hxg4 bxc4 22.f5 Be5
23.Bf4 Bd4+ 24.Be3 Be5 25.Bf4 Bd4+ 26.Be3 Be5 27.Bf2 Nb5 28.Ne2 Qe7 29.Rec1
Qf6 30.Rxc4 Bxb2 31.g5 Qh8 32.Rb1 Na3 {#R} 0-1

[Event "It (open)"]
[Site "masterchessopen.com - Vienna (Austria)"]
[Date "2012.08.15"]
[Round "3"]
[White "Erdos Viktor (HUN)"]
[Black "Leitner Gerald (AUT)"]
[Result "1-0"]
[WhiteElo "2649"]
[BlackElo "2246"]

1.d4 Nf6 2.c4 c5 3.d5 e6 4.Nc3 exd5 5.cxd5 d6 6.Nf3 g6 7.Nd2 Bg7 8.e4 O-O
9.Be2 Re8 10.O-O Na6 11.f3 Nc7 12.a4 b6 13.Nc4 Ba6 14.Bg5 Qd7 15.Kh1 Rab8
16.Rb1 Bxc4 17.Bxc4 a6 18.b4 b5 19.Be2 cxb4 20.Rxb4 Rec8 21.axb5 axb5 22.Qb1
Na6 23.Rxb5 Ne8 24.Na4 Qa7 25.Nb6 Rc5 26.Rb3 Rc3 27.Rxc3 Bxc3 28.Qc1 Bd4
29.Nc8 Qb7 30.Ne7+ Kf8 31.Nc6 Rc8 32.Qc4 Nb8 {#r} 1-0

[Event "It (open)"]
[Site "masterchessopen.com - Villa Ballester (Argentina)"]
[Round "6"]
[White "Iacobacci Eduardo (ARG)"]
[Black "Niegovich Jorge (ARG)"]
[Result "1-0"]
[WhiteElo "2196"]
[BlackElo "2178"]

1.d4 Nf6 2.c4 e6 3.Nc3 c5 4.d5 exd5 5.cxd5 d6 6.Nf3 g6 7.e4 Bg7 8.Be2 O-O
9.Nd2 Re8 10.O-O Na6 11.f3 Nc7 12.a4 Rb8 13.Nc4 b6 14.Bf4 Bf8 15.Nb5 Nxb5
16.axb5 Nh5 17.Bd2 Rb7 18.g4 Ng7 19.Bf4 h5 20.h3 f5 21.exf5 gxf5 22.Rf2 Rf7
23.Qd2 hxg4 24.hxg4 Qf6 25.g5 Qg6 26.Rh2 Nh5 27.Bxd6 Bg7 28.f4 Bd4+ 29.Kg2
Rxe2+ 30.Qxe2 Rh7 31.Rxh5 Rxh5 32.Rxa7 Rh8 33.Rc7 {#r} 1-0

[Event "Ch URS (1/2 final)"]
[Site "masterchessopen.com - Vitebsk (Belarus)"]
[Round "0"]
[White "Rytov Boris (RUS)"]
[Black "Beliavsky Alexander G (SLO)"]
[Result "1-0"]
[WhiteElo "2400"]
[BlackElo "2616"]

1.d4 Nf6 2.c4 c5 3.d5 e6 4.Nc3 exd5 5.cxd5 d6 6.Nf3 g6 7.e4 Bg7 8.Be2 O-O
9.O-O Re8 10.Nd2 Na6 11.f3 Nc7 12.a4 Nd7 13.Nc4 Ne5 14.Ne3 f5 15.exf5 gxf5
16.f4 Nf7 17.Kh1 b6 18.Bd3 Nh6 19.Qh5 Rf8 20.Bd2 Qf6 21.Rf3 Qg6 22.Qh4 Qf6
23.Qh3 Ba6 24.Bc2 Kh8 25.Rg3 Rae8 26.Rg1 Bc8 27.Ncd1 Qf7 28.Rg5 b5 29.Rh5 Nxd5
30.Nxd5 Qxd5 31.Bc3 Bxc3 32.Qxc3+ Qd4 33.Qxd4+ cxd4 34.Rxh6 Re2 35.Bd3 Rd2
36.Bxb5 Bb7 37.Rxd6 Be4 38.Bc6 Rg8 39.Bxe4 fxe4 40.Re6 e3 41.Nxe3 dxe3 42.Rxe3
Rxb2 43.Re4 Rf2 44.h3 a5 45.h4 Rg3 46.Kh2 Rg4 47.Re8+ Kg7 48.Re7+ Kh6 49.Kh3
Rfxf4 50.g3 Re4 51.Ra7 Rxa4 52.Rf1 Kg6 53.Raf7 Kh6 54.Rc7 Kg6 55.Rff7 h5
56.Rfd7 Kh6 57.Rd5 Ra3 58.Rxh5+ Kxh5 59.Rc5+ Kg6 60.Kxg4 Ra4+ 61.Kh3 Ra3
62.h5+ Kf6 63.Kh4 Ra1 64.Rc6+ Kg7 65.Ra6 a4 66.Kg5 a3 67.h6+ Kf8 68.Ra8+ {#r}
1-0

[Event "It"]
[Site "masterchessopen.com - Vrnjacka Banja (Serbia)"]
[Round "0"]
[White "Sokolov Vladimir (SRB)"]
[Black "Bogdanovic Rajko (BIH)"]
[Result "1-0"]
[WhiteElo "2310"]
[BlackElo "2308"]

1.d4 Nf6 2.c4 c5 3.d5 e6 4.Nc3 exd5 5.cxd5 d6 6.e4 g6 7.Nf3 Bg7 8.Be2 O-O
9.O-O Re8 10.Nd2 Na6 11.f3 Nd7 12.f4 Nc7 13.a4 Rb8 14.Kh1 Nf6 15.Bf3 b6 16.Re1
h5 17.Nc4 Ng4 18.Bxg4 Bxg4 19.Qd3 a6 20.h3 b5 21.axb5 axb5 22.Nxd6 Qxd6
23.hxg4 b4 24.Na4 hxg4 25.g3 Bd4 26.Be3 Nb5 27.Rac1 f5 28.Nxc5 Qf6 29.e5 Qh8+
30.Kg1 Qh3 31.Bxd4 Nxd4 32.Qxd4 Qxg3+ 33.Kf1 Qf3+ 34.Qf2 Qh1+ 35.Ke2 Qxd5
36.Red1 Qc6 37.Nd3 Qe4+ 38.Qe3 Qg2+ 39.Nf2 Rbc8 40.Qb3+ Kh8 41.Rh1+ Kg7
42.Rh7+ Kxh7 43.Qf7+ Kh6 44.Rh1+ Qxh1 45.Nxh1 Rc2+ 46.Kd3 Rec8 47.Ng3 R8c6
48.Qf8+ Kh7 49.Nxf5 gxf5 50.Qxf5+ Kh6 51.Qg5+ Kh7 52.Qh5+ Kg7 53.Qxg4+ Kf8
54.Qf5+ Ke7 55.Qh7+ Ke6 56.Qg6+ Kd7 57.Qf7+ Kc8 58.e6 {#r} 1-0

[Event "Ch World (juniors) (under 16)"]
[Site "masterchessopen.com - Wattignies (France)"]
[Round "0"]
[White "Chia Alphonsus (SIN)"]
[Black "Lejeune Jean-Pierre (FRA)"]
[Result "1-0"]
[WhiteElo "2256"]
[BlackElo "2324"]

1.d4 Nf6 2.c4 c5 3.d5 e6 4.Nc3 exd5 5.cxd5 d6 6.e4 g6 7.Nf3 Bg7 8.Be2 O-O
9.O-O Re8 10.Nd2 Na6 11.f3 Nc7 12.a4 b6 13.Nc4 Ba6 14.Bg5 Qd7 15.Qd2 Rab8
16.b3 Bxc4 17.bxc4 Na6 18.Rae1 Nb4 19.Bd1 Nh5 20.g4 Bd4+ 21.Kh1 Ng7 22.Nb5 Be5
23.f4 a6 24.fxe5 axb5 25.Bf6 Rec8 26.Qh6 Ne8 27.Re3 {#r} 1-0

[Event "Ch Germany (seniors) (open)"]
[Site "masterchessopen.com - Weilburg (Germany)"]
[Round "8"]
[White "Mertens Klaus (GER)"]
[Black "Hellwege Werner (GER)"]
[Result "1-0"]
[WhiteElo "2064"]
[BlackElo "2013"]

1.d4 g6 2.e4 Bg7 3.c4 c5 4.d5 d6 5.Nf3 Nf6 6.Nc3 O-O 7.Be2 e6 8.O-O exd5
9.cxd5 Re8 10.Nd2 Na6 11.f3 Bd7 12.Nc4 Qc7 13.Bf4 Bf8 14.a4 Nh5 15.Bg5 f6
16.Bh4 g5 17.Be1 Nb4 18.g3 Ng7 19.f4 Be7 20.Bg4 b6 21.fxg5 fxg5 22.e5 Bxg4
23.Qxg4 dxe5 24.d6 Qc8 25.d7 {#r} 1-0

[Event "Ch Belgium"]
[Site "masterchessopen.com - Westerlo (Belgium)"]
[Round "6"]
[White "Van Der Stricht Geert (BEL)"]
[Black "Schuermans Robert (BEL)"]
[Result "0-1"]
[WhiteElo "2413"]
[BlackElo "2206"]

1.d4 Nf6 2.Nf3 c5 3.d5 e6 4.c4 exd5 5.cxd5 d6 6.Nc3 g6 7.e4 Bg7 8.Be2 O-O
9.O-O Re8 10.Nd2 Na6 11.f3 Nc7 12.a4 Nd7 13.Nc4 Ne5 14.Ne3 f5 15.f4 Nf7
16.exf5 Nh6 17.fxg6 Bd4 18.Bb5 Rxe3 19.Bxe3 Bxe3+ 20.Kh1 Ng4 21.gxh7+ Kh8
22.Qe1 Nxb5 23.axb5 Bd4 24.Ne4 Bf5 25.Ng5 Qd7 26.Qh4 Bd3 27.Ne6 Ne3 28.Rf3
Qxh7 29.Qe1 Ng4 30.Qg3 Bf5 31.Ng5 Qg6 32.h3 Nf6 33.Qh4+ Kg8 34.Ne6 Ne4 35.Nxd4
cxd4 36.g4 Qh7 37.Qe1 Bxg4 38.Rg3 Nxg3+ 39.Qxg3 Qxh3+ 40.Qxh3 Bxh3 {#R} 0-1

[Event "It"]
[Site "masterchessopen.com - Wijk aan Zee (Netherlands)"]
[Round "12"]
[White "Langeweg Kick (NED)"]
[Black "Janosevic Dragoljub (YUG)"]
[Result "1-0"]
[WhiteElo "2309"]
[BlackElo "2330"]

1.d4 Nf6 2.c4 c5 3.d5 g6 4.Nc3 d6 5.e4 Bg7 6.Nf3 O-O 7.Be2 e6 8.O-O exd5
9.cxd5 Re8 10.Nd2 Na6 11.f3 Nc7 12.a4 b6 13.a5 bxa5 14.Nb3 Ba6 15.Bxa6 Nxa6
16.Nxa5 Nb4 17.Nc4 Qc7 18.Bf4 Red8 19.g4 Ne8 20.Kh1 a6 21.Qd2 Rab8 22.Na2 Qd7
23.Qe2 Rb5 24.Nxb4 Rxb4 25.Bd2 Rb3 26.Rxa6 Rdb8 27.Bc1 Qb5 28.Ra5 Qd7 29.Rd1
Nc7 30.Ra7 Qd8 31.Rd3 Rxd3 32.Qxd3 Nb5 33.Ra6 Qh4 34.Kg2 Nd4 35.Bf4 Be5 36.Bg3
Qg5 37.Rb6 Rxb6 38.Nxb6 Bxg3 39.hxg3 Qc1 40.Nc4 Qe1 41.Qd2 Qxd2+ 42.Nxd2 f6
43.Nc4 Nb5 44.f4 h6 45.Kf3 Kf8 46.e5 fxe5 47.fxe5 dxe5 48.Ke4 Ke7 49.Kxe5 Nd4
50.d6+ Kd8 51.Kf6 g5 52.Ne5 Ke8 53.Kg6 Ne2 54.Kf6 Nd4 55.Kg6 Ne2 56.Kxh6 Nxg3
57.Kg6 Ne4 58.Nc4 Kd7 59.Kf5 Nxd6+ 60.Nxd6 Kxd6 61.Kxg5 Kd5 62.Kf5 {#r} 1-0

[Event "Ch Poland"]
[Site "masterchessopen.com - Wroclaw (Poland)"]
[Round "7"]
[White "Balcerowski Witold (POL)"]
[Black "Gasiorowski Ryszard (POL)"]
[Result "0-1"]
[WhiteElo "2365"]
[BlackElo "2230"]

1.d4 Nf6 2.c4 e6 3.Nf3 c5 4.d5 exd5 5.cxd5 d6 6.Nc3 g6 7.e4 Bg7 8.Be2 O-O
9.O-O Re8 10.Nd2 Na6 11.f3 Nc7 12.a4 b6 13.Kh1 Rb8 14.Ra3 Nd7 15.Nc4 Ne5
16.Ne3 f5 17.f4 Nf7 18.exf5 gxf5 19.Rf3 Kh8 20.Bd2 Bd4 21.Qc2 Qf6 22.Rg3 Bd7
23.Nb5 Nxb5 24.Bxb5 Bxb5 25.axb5 Re4 26.Rxa7 Rxf4 27.Bc3 Re8 28.h3 Rfe4 29.Nf1
f4 30.Rd3 Re2 31.Bxd4 cxd4 32.Qc4 Ne5 33.Qxd4 Qg6 34.Ng3 fxg3 35.Rd1 Qe4
36.Qxe4 Rxe4 37.Ra3 Nd3 {#R} 0-1

[Event "?"]
[Site "masterchessopen.com - Yugoslavia"]
[Round "0"]
[White "Bukic Enver (SLO)"]
[Black "Planinec Albin (SLO)"]
[Result "1-0"]
[WhiteElo "2383"]
[BlackElo "2415"]

1.d4 Nf6 2.c4 c5 3.d5 e6 4.Nc3 exd5 5.cxd5 d6 6.e4 g6 7.Nf3 Bg7 8.Be2 O-O
9.O-O Re8 10.Nd2 Na6 11.f3 Nc7 12.a4 b6 13.Kh1 Rb8 14.Nc4 Ba6 15.Bg5 h6 16.Bd2
Bxc4 17.Bxc4 a6 18.Qe2 b5 19.axb5 axb5 20.Nxb5 Nfxd5 21.Ra7 Re7 22.Ba5 Nb6
23.Nxc7 Rxc7 24.Ra6 Re7 25.b3 Bd4 26.f4 d5 27.Rxb6 Rxb6 28.Bxb6 Qxb6 29.Bxd5
Kg7 30.Qf3 Ra7 31.h3 Ra1 32.Rxa1 Bxa1 33.h4 Qa5 34.Kh2 Bd4 35.Kh3 Qe1 36.g3
Qf2 37.Qd3 Qb2 38.e5 Qc3 39.Qa6 Bf2 40.Qf6+ {#r} 1-0

[Event "?"]
[Site "masterchessopen.com - Yugoslavia"]
[Round "0"]
[White "Despotovic Momcilo (SRB)"]
[Black "Janosevic Dragoljub (YUG)"]
[Result "0-1"]
[WhiteElo "2288"]
[BlackElo "2330"]

1.d4 Nf6 2.c4 c5 3.d5 d6 4.Nc3 g6 5.e4 Bg7 6.Be2 e6 7.Nf3 exd5 8.cxd5 O-O
9.O-O Re8 10.Nd2 Na6 11.f3 Nc7 12.a4 b6 13.a5 b5 14.Nxb5 Nfxd5 15.exd5 Ba6
16.Nc3 Bxc3 17.Bxa6 Bd4+ 18.Kh1 Nxa6 19.Nc4 Nb4 20.Bf4 Nxd5 21.Bxd6 Ne3
22.Nxe3 Rxe3 23.Bf4 Re8 24.Qd2 Qd5 25.Rfe1 Qb3 26.Rab1 Rad8 27.h4 h5 28.Rxe8+
Rxe8 29.Re1 Rxe1+ 30.Qxe1 Qxb2 31.Qe8+ Kg7 32.Bd6 Qb1+ 33.Kh2 Qf5 34.a6 Qe6
35.Bf8+ Kh7 36.Qxe6 fxe6 37.g4 c4 38.Ba3 c3 39.Bc1 Bf2 40.Kg2 Bxh4 41.Kf1 hxg4
42.fxg4 Bf6 43.Ke2 Bd4 44.Kd3 e5 45.Ba3 Kg7 46.g5 Kf7 47.Ke4 Ke6 48.Bc1 Kd6
{#R} 0-1

[Event "?"]
[Site "masterchessopen.com - Yugoslavia"]
[Round "0"]
[White "Gligoric Svetozar (SRB)"]
[Black "Minic Dragoljub (CRO)"]
[Result "1-0"]
[WhiteElo "2575"]
[BlackElo "2460"]

1.d4 Nf6 2.c4 c5 3.d5 e6 4.Nc3 exd5 5.cxd5 d6 6.e4 g6 7.Nf3 Bg7 8.Be2 O-O
9.O-O Re8 10.Nd2 Na6 11.f3 Nc7 12.a4 Nd7 13.Kh1 b6 14.Nc4 Ne5 15.Ne3 Rb8
16.Bd2 a6 17.f4 Nd7 18.Nc4 Nf6 19.Bf3 h5 20.Nxd6 Qxd6 21.e5 Qd8 22.d6 Ne6
23.exf6 Bxf6 24.f5 gxf5 25.Bc6 Rf8 26.Rxf5 Nd4 27.Rxh5 Qxd6 28.Bd5 Bf5 29.Rxf5
Nxf5 30.Qg4+ Ng7 31.Ne4 Qd8 32.Rf1 Be5 33.Bc3 {#r} 1-0